Ibu mithali Enjah Binti Mohd Arif

Bibliographic Details
Main Author: Nurul Iman Ramli
Format: Book
Published: Selangor : Pustaka Penamas , 2006
Series:Siri kegemilangan tokoh-tokoh negara
Subjects:

MARC

LEADER 00000cam a2200000 7i4500
001 0000005025
005 20151222.0
008 070801
020 |a 9839210688(set) 
020 |a 9839210750 
090 0 0 |a BIO   |b MAL 
100 0 |a Nurul Iman Ramli 
245 1 0 |a Ibu mithali Enjah Binti Mohd Arif   |c Nurul Iman Ramli 
260 |a Selangor :   |b Pustaka Penamas ,   |c 2006 
440 |a Siri kegemilangan tokoh-tokoh negara 
500 |a Children ages 10-12 years old (pink) 
650 0 |a Biografi 
650 0 |a Junior fiction   |x Malay   |x Languages 
999 |a 0000915557   |b Book   |c Teenagers   |e Cawangan Bandar Tenggara 
999 |a 0000915558   |b Book   |c Teenagers   |e Cawangan Bandar Tenggara 
999 |a 0000915559   |b Book   |c Teenagers   |e Cawangan Bandar Tenggara 
999 |a 0000979123   |b Book   |c Children Collection   |e Cawangan Bukit Gambir 
999 |a 0000979124   |b Book   |c Children Collection   |e Cawangan Bukit Gambir 
999 |a 0000979127   |b Book   |c Children Collection   |e Cawangan Taman Universiti 
999 |a 0000979191   |b Book   |c Children Collection   |e Cawangan Bandar Tenggara 
999 |a 0000979192   |b Book   |c Children Collection   |e Cawangan Tmn. Ungku Tun Aminah 
999 |a 0000979193   |b Book   |c Children Collection   |e Perbadanan Perpustakaan Awam Johor 
999 |a 0000979194   |b Book   |c Children Collection   |e Perbadanan Perpustakaan Awam Johor 
999 |a 0001016918   |b Book   |c Children Collection   |e Cawangan Bukit Gambir 
999 |a 0001016919   |b Book   |c Children Collection   |e Cawangan Tangkak 
999 |a 0001016920   |b Book   |c Children Collection   |e Cawangan Tmn. Ungku Tun Aminah 
999 |a 0001016922   |b Book   |c Children Collection   |e Cawangan Bandar Penawar 
999 |a 000979191   |b Book   |c Teenagers   |e Cawangan Bandar Tenggara